000 00309nam a22001337a 4500
008 171030b xxu||||| |||| 00| 0 eng d
020 _a9780256092349
041 _aeng
080 _23RD
_a336
100 _a56
101 _aFIN
245 _aANALYSIS FOR FINANCIAL MANAGEMENT
_cHIGGINS,R.C
942 _2udc
_cBK
999 _c36362
_d36362